[Event "Corr"]
[Site "?"]
[Date "2000.10.15"]
[Round "?"]
[White "Fuhrwerk Klaus (GER)"]
[Black "Lykke Hans Chr.(DEN)"]
[Result "0-1"]
[WhiteElo "2438"]
[BlackElo "2439"]
[PlyCount "54"]
[EventDate "2000.??.??"]
[Source "www.chesslib.no"]
[SourceDate "2004.05.04"]

1. d4 e5 2. dxe5 Nc6 3. Nf3 Qe7 4. Qd5 f6 5. exf6 Nxf6 6. Qb3 d5 7. Nc3 Bd7 8. Qxb7 Rb8 9. Qxc7 Qc5 10. Qf4 Bd6 11. Qg5 Nb4 12. Kd1 Ne4 13. Be3 Nxc3+ 14. bxc3 Qxc3 15. Rc1 Nxa2 16. Bd4 Qa3 17. Bxg7 Nxc1 18. Qxc1 Qa2 19. Nd2 Rf8 20. f3 Ba4 21. Bxf8 Rb2 22. Bxd6 Rxc2 23. Qxc2 Qa1+ 24. Nb1 Qxb1+ 25. Kd2 Qxc2+ 26. Ke3 Qb2 27. Bg3 d4+ 0-1

[Event "Saki opA"]
[Site "Saki opA"]
[Date "1990.??.??"]
[Round "7"]
[White "Bangiev, Alexander"]
[Black "Pancu, G."]
[Result "0-1"]
[WhiteElo "2390"]
[BlackElo "2480"]
[PlyCount "52"]
[EventDate "1990.??.??"]
[Source "www.chesslib.no"]
[SourceDate "2004.05.04"]

1. d4 e5 2. dxe5 Nc6 3. e4 Nxe5 4. f4 Ng6 5. Nf3 Bc5 6. Bc4 d6 7. Nc3 Bg4 8. h3 Bd7 9. Qe2 Nf6 10. f5 Ne7 11. Bg5 O-O 12. O-O-O b5 13. Bxb5 Re8 14. g4 Bxb5 15. Qxb5 Rb8 16. Qe2 c6 17. e5 Qa5 18. Bxf6 gxf6 19. e6 Nd5 20. Nxd5 cxd5 21. exf7+ Kxf7 22. Qd3 Kg7 23. Qxd5 Rxb2 24. g5 Reb8 25. gxf6+ Kh8 26. Nd2 Be3 0-1

[Event "London Lloyds"]
[Site "London ENG"]
[Date "1993.??.??"]
[Round "6"]
[White "Ferron Garcia, Carlos"]
[Black "Flear, Glenn C"]
[Result "1/2-1/2"]
[WhiteElo "2345"]
[BlackElo "2500"]
[PlyCount "24"]
[EventDate "1993.08.??"]
[Source "www.chesslib.no"]
[SourceDate "2004.05.04"]

1. d4 e5 2. Nf3 Nc6 3. Qd2 g6 4. g4 d5 5. Nh4 b5 6. Qh6 Qxh4 7. c4 dxc4 8. Bf4 Be7 9. g5 Nxh6 10. h3 Bd8 11. dxe5 Nf5 12. Bg3 Ne3 1/2-1/2

[Event "Corr"]
[Site "?"]
[Date "2000.03.30"]
[Round "?"]
[White "Bellmann Herbert (GER)"]
[Black "Mary Patrick (FRA)"]
[Result "1-0"]
[WhiteElo "2486"]
[BlackElo "2350"]
[PlyCount "51"]
[EventDate "2000.??.??"]
[Source "www.chesslib.no"]
[SourceDate "2004.05.04"]

1. d4 e5 2. dxe5 f6 3. exf6 Nxf6 4. Nf3 Bc5 5. Nc3 d5 6. Bg5 c6 7. e3 O-O 8. Be2 Qb6 9. O-O Qxb2 10. Na4 Qa3 11. Bxf6 Qxa4 12. Bd4 Be7 13. c4 Qxd1 14. Rfxd1 Be6 15. Bc3 dxc4 16. Nd4 Bd5 17. e4 Bxe4 18. Bxc4+ Bd5 19. Nxc6 Nxc6 20. Rxd5 Kh8 21. Rd7 Bf6 22. Bxf6 Rxf6 23. Rxb7 Na5 24. Rc7 Nxc4 25. Rxc4 Re8 26. Kf1 1-0

[Event "CZE Team Ch 9697"]
[Site "Czech Republic"]
[Date "1997.??.??"]
[Round "3"]
[White "Zurek, Milan"]
[Black "Karlik, Jiri"]
[Result "1-0"]
[WhiteElo "2460"]
[BlackElo "2345"]
[PlyCount "79"]
[EventDate "1996.??.??"]
[Source "www.chesslib.no"]
[SourceDate "2004.05.04"]

1. d4 e5 2. dxe5 Nc6 3. Nf3 Qe7 4. Qd5 f6 5. exf6 Nxf6 6. Qb3 d5 7. Bg5 Bd7 8. Qe3 Be6 9. Nc3 h6 10. Bxf6 gxf6 11. O-O-O O-O-O 12. Nb5 Kb8 13. Nfd4 Nxd4 14. Qxd4 a6 15. Qa7+ Kc8 16. Nd4 c5 17. Nb3 Qc7 18. e4 Bd6 19. exd5 Bf5 20. Bd3 Bxd3 21. Rxd3 Kd7 22. Rc3 Rc8 23. Re1 Rhe8 24. Rxe8 Kxe8 25. g3 Kf7 26. Nd2 Kg6 27. Nc4 b5 28. Qxc7 Bxc7 29. d6 Bd8 30. Ne3 c4 31. Nd5 Kf7 32. Ra3 Rc6 33. Nb4 Rxd6 34. Rxa6 Bb6 35. c3 Ke6 36. a4 bxa4 37. Rxa4 Bxf2 38. Nc2 Rc6 39. Kd1 Kd5 40. Nb4+ 1-0

[Event "Muenster IM"]
[Site "Muenster GER"]
[Date "1990.??.??"]
[Round "10"]
[White "Lukov, Valentin"]
[Black "Buecker, Stefan"]
[Result "1/2-1/2"]
[WhiteElo "2450"]
[BlackElo "2345"]
[PlyCount "123"]
[EventDate "1990.??.??"]
[Source "www.chesslib.no"]
[SourceDate "2004.05.04"]

1. d4 e5 2. dxe5 Nc6 3. Nf3 Qe7 4. Qd5 f6 5. Nc3 fxe5 6. Bg5 Nf6 7. Bxf6 gxf6 8. e4 Nd8 9. Bc4 c6 10. Qd2 d6 11. Nh4 Be6 12. Bxe6 Nxe6 13. Nf5 Qc7 14. O-O-O O-O-O 15. Qe3 Kb8 16. Rd2 Ng7 17. Nxg7 Qxg7 18. Rdd1 h5 19. Qf3 Be7 20. Ne2 Qg5+ 21. Kb1 f5 22. Qxf5 Qxf5 23. exf5 Rdf8 24. f4 Rxf5 25. fxe5 Rxe5 26. Nf4 Rg8 27. Rde1 Bf6 28. g3 h4 29. gxh4 Rxe1+ 30. Rxe1 Bxh4 31. Rh1 d5 32. c3 Bf2 33. Nd3 Bh4 34. Rf1 Be7 35. Rf7 Bd6 36. Rh7 Rg1+ 37. Kc2 Rg2+ 38. Kc1 Rxh2 39. Rxh2 Bxh2 40. b3 Kc7 41. c4 dxc4 42. bxc4 Bg1 43. a4 Kd6 44. Kc2 Bd4 45. Kd2 Ke6 46. Nc1 Bc5 47. Kc3 Be3 48. Nb3 Bf2 49. Kd3 b6 50. Ke4 Bg1 51. Kf4 Bh2+ 52. Ke4 Be5 53. Nc1 Bb2 54. Nb3 Kd6 55. Kf5 Bg7 56. Ke4 Bf6 57. Kf5 Bh8 58. Ke4 Bc3 59. Kd3 Bb2 60. Ke4 Kc7 61. Kd3 Bf6 62. Ke4 1/2-1/2

[Event "Czech Open GMA"]
[Site "Pardubice CEC"]
[Date "2007.07.23"]
[Round "4"]
[White "Jorczik, J."]
[Black "Podolchenko, E."]
[Result "1-0"]
[WhiteElo "2333"]
[BlackElo "2458"]
[PlyCount "87"]
[EventDate "2007.07.20"]
[Source "www.chesslib.no"]
[SourceDate "2004.05.04"]

1. d4 e5 2. dxe5 Nc6 3. Nf3 d6 4. exd6 Bxd6 5. e3 Bg4 6. Be2 Qe7 7. Nd4 Bd7 8. Nc3 O-O-O 9. Nd5 Qg5 10. Bf3 Ne5 11. Be4 Qh4 12. Nf4 Nf6 13. g3 Qh6 14. Bg2 c5 15. O-O cxd4 16. exd4 Nc6 17. Ne6 Qg6 18. Nxd8 Rxd8 19. c4 Qg4 20. Bf3 Qf5 21. Be3 Bc7 22. Bg2 Qa5 23. a3 Qh5 24. Qxh5 Nxh5 25. d5 Ne5 26. c5 Nc4 27. d6 Bb8 28. Bd4 Nd2 29. Rfe1 Nb3 30. Rad1 Be6 31. Rd3 Nxd4 32. Rxd4 a5 33. b4 Ba7 34. Bd5 Bxd5 35. Rxd5 Nf6 36. Rg5 g6 37. Re7 Rd7 38. Rge5 Kd8 39. Rxd7+ Nxd7 40. Re7 Nxc5 41. bxc5 Bxc5 42. a4 b5 43. Re5 Bxd6 44. Rxb5 1-0

[Event "Capablanca mem-B"]
[Site "Cienfuegos"]
[Date "1985.??.??"]
[Round "9"]
[White "Hernandez, Roman"]
[Black "Hernandez, Jose de Jesus"]
[Result "1-0"]
[WhiteElo "2440"]
[BlackElo "2335"]
[PlyCount "63"]
[EventDate "1985.??.??"]
[Source "ChessBase"]

1. d4 e5 2. dxe5 d6 3. Nf3 Bg4 4. e4 Nd7 5. exd6 Bxd6 6. Be2 Qe7 7. Nc3 Ngf6 8. Nd4 Nxe4 9. Nxe4 Qxe4 10. f3 Qe7 11. fxg4 Qh4+ 12. Kf1 Bc5 13. c3 O-O-O 14. Qe1 Qf6+ 15. Qf2 Qe7 16. Bd2 Rhe8 17. Re1 Qd6 18. Bb5 c6 19. Rxe8 Rxe8 20. Be2 Qe5 21. h4 Qe4 22. b4 Bb6 23. Rh3 Qb1+ 24. Be1 Qxa2 25. Re3 Rd8 26. Re7 c5 27. bxc5 Bxc5 28. Rxf7 Kb8 29. Qf5 Qa4 30. Bb5 Qd1 31. Rxd7 Rf8 32. Rf7 1-0

[Event "ch City Croat"]
[Site "ch City Zagreb Croat"]
[Date "1995.??.??"]
[Round "?"]
[White "Bukal, Vladimir jr"]
[Black "Kosanski, Stanko"]
[Result "1/2-1/2"]
[WhiteElo "2335"]
[BlackElo "2435"]
[PlyCount "21"]
[EventDate "1995.??.??"]
[Source "www.chesslib.no"]
[SourceDate "2004.05.04"]

1. d4 e5 2. f3 g5 3. h3 Be7 4. e3 d6 5. Be2 Kd7 6. Nd2 Na6 7. dxe5 Qe8 8. c3 f6 9. Kf2 Bf8 10. Bc4 Ke7 11. Qb3 1/2-1/2

[Event "Balatonbereny IM-B"]
[Site "Balatonbereny"]
[Date "1996.??.??"]
[Round "6"]
[White "Eperjesi, Laszlo"]
[Black "Biro, Sandor"]
[Result "1/2-1/2"]
[WhiteElo "2395"]
[BlackElo "2340"]
[PlyCount "37"]
[EventDate "1996.06.13"]
[Source "ChessBase"]

1. d4 e5 2. dxe5 Nc6 3. Nf3 Qe7 4. g3 Nxe5 5. Nxe5 Qxe5 6. Bg2 h5 7. Nd2 Qa5 8. c3 h4 9. Nc4 Qa6 10. Qd3 Ne7 11. Bg5 f6 12. Bf4 d5 13. Na3 Qxd3 14. exd3 c6 15. O-O-O Bg4 16. Rde1 Kd7 17. h3 Bf5 18. Kd2 Ng6 19. Be3 1/2-1/2

[Event "III Memorial E.Geller - Open A"]
[Site "Odessa UCR"]
[Date "2007.09.14"]
[Round "7"]
[White "Onikienko, Vitaliy"]
[Black "Podolchenko, Evgeniy"]
[Result "0-1"]
[WhiteElo "2265"]
[BlackElo "2458"]
[PlyCount "80"]
[EventDate "2007.09.08"]
[Source "www.chesslib.no"]
[SourceDate "2004.05.04"]

1. d4 e5 2. dxe5 Nc6 3. Nf3 d6 4. Bf4 Bg4 5. exd6 Qf6 6. Qc1 Bxd6 7. Bxd6 Qxd6 8. Qd2 Qe7 9. Nc3 Nf6 10. O-O-O Rd8 11. Qf4 O-O 12. e3 Rxd1+ 13. Nxd1 Rd8 14. Nc3 Bxf3 15. gxf3 Qd7 16. Bd3 Nd5 17. Nxd5 Qxd5 18. Rd1 Qxa2 19. Bxh7+ Kxh7 20. Qh4+ Kg6 21. Rxd8 Nxd8 22. Qxd8 Qa1+ 23. Kd2 Qxb2 24. Qxc7 Qb4+ 25. Kd3 a5 26. e4 Qb5+ 27. Kd2 a4 28. f4 Qb4+ 29. Kd3 f6 30. f5+ Kh7 31. h4 a3 32. Qf7 Qb5+ 33. Kd2 Qa4 34. Qa2 Qd4+ 35. Kc1 Qc3 36. Kd1 b5 37. Qe6 Qd4+ 38. Ke1 Qb4+ 39. Kd1 Qb1+ 40. Kd2 a2 0-1

[Event "GER Ch"]
[Site "Bad Neuenahr GER"]
[Date "1991.??.??"]
[Round "8"]
[White "Schuh, Hubert"]
[Black "Buecker, Stefan"]
[Result "0-1"]
[WhiteElo "2375"]
[BlackElo "2345"]
[PlyCount "64"]
[EventDate "1991.06.??"]
[Source "www.chesslib.no"]
[SourceDate "2004.05.04"]

1. d4 e5 2. dxe5 Nc6 3. Nf3 Qe7 4. g3 Nxe5 5. Bg2 Nxf3+ 6. Bxf3 Nf6 7. c4 d6 8. Nc3 c6 9. Qd4 Qe6 10. Bf4 Be7 11. O-O O-O 12. Rfd1 Rd8 13. Rd3 Qf5 14. Rad1 Be6 15. b3 h6 16. Qe3 Ne8 17. Qd2 Rd7 18. Bg2 Bf8 19. h4 Rad8 20. Qe3 Qa5 21. Qd2 f6 22. Ne4 Qh5 23. Be3 Bf5 24. Rd4 d5 25. cxd5 Rxd5 26. Bf3 Rxd4 27. Bxd4 Qg6 28. h5 Qf7 29. Qc3 Bxe4 30. Bxe4 c5 31. Bg6 Qd5 32. e4 cxd4 0-1

[Event "Corr"]
[Site "?"]
[Date "2000.03.30"]
[Round "?"]
[White "Koch Michael (GER)"]
[Black "Mary Patrick (FRA)"]
[Result "1-0"]
[WhiteElo "2360"]
[BlackElo "2350"]
[PlyCount "41"]
[EventDate "2000.??.??"]
[Source "www.chesslib.no"]
[SourceDate "2004.05.04"]

1. d4 e5 2. dxe5 Nc6 3. Nf3 f6 4. exf6 Nxf6 5. Bg5 h6 6. Bh4 g5 7. Bg3 Bc5 8. e3 d6 9. Nc3 Bf5 10. Bd3 Qd7 11. Bxf5 Qxf5 12. Qd3 Qxd3 13. cxd3 O-O-O 14. h3 Nh5 15. Bh2 Rhe8 16. O-O a6 17. d4 Ba7 18. Rfc1 Nf6 19. b3 Rf8 20. a3 Rde8 21. b4 1-0

[Event "AUT-ch"]
[Site "?"]
[Date "1998.08.15"]
[Round "8"]
[White "Danner Georg"]
[Black "Casagrande Harald"]
[Result "1-0"]
[WhiteElo "2340"]
[BlackElo "2360"]
[PlyCount "45"]
[EventDate "1998.??.??"]
[Source "www.chesslib.no"]
[SourceDate "2004.05.04"]

1. d4 e5 2. dxe5 h6 3. Nf3 Nc6 4. e4 g5 5. Nc3 Bg7 6. h4 g4 7. Nd4 Nxd4 8. Qxd4 Ne7 9. Bf4 Ng6 10. Bg3 d6 11. O-O-O Nxe5 12. Bb5+ Bd7 13. Bxd7+ Qxd7 14. Nd5 Qc6 15. h5 Kf8 16. Bh4 Re8 17. Bf6 Rg8 18. Rhe1 a6 19. Re3 Nd7 20. Bxg7+ Rxg7 21. Rc3 Nc5 22. Nf6 Re6 23. Rxc5 1-0

[Event "Zalakaros op 18th"]
[Site "?"]
[Date "1999.05.19"]
[Round "8"]
[White "Portisch Ferenc"]
[Black "Biro Sandor"]
[Result "1-0"]
[WhiteElo "2385"]
[BlackElo "2313"]
[PlyCount "73"]
[EventDate "1999.??.??"]
[Source "www.chesslib.no"]
[SourceDate "2004.05.04"]

1. d4 e5 2. dxe5 Nc6 3. Nf3 Qe7 4. g3 Nxe5 5. Nxe5 Qxe5 6. Bg2 Nf6 7. O-O Bc5 8. Nc3 d6 9. Na4 O-O 10. Bd2 Bg4 11. Nxc5 Qxc5 12. Bc3 Rae8 13. Re1 Qh5 14. f3 Bh3 15. Bxh3 Qxh3 16. Bxf6 gxf6 17. Qd4 Re5 18. Qxa7 c5 19. e4 Rg5 20. Re2 h5 21. Rf1 Qe6 22. Qa3 f5 23. Qe3 Rg6 24. exf5 Qxf5 25. Qe4 Qg5 26. f4 Qf6 27. c3 b5 28. a3 Kh8 29. Rd1 Rfg8 30. Rd5 Rh6 31. Rf5 Qe6 32. Qd3 Qa2 33. Qd5 Qb1+ 34. Kg2 h4 35. Rh5 Qg6 36. Rxh6+ Qxh6 37. Qxf7 1-0

[Event "Bundesliga 9192"]
[Site "GER"]
[Date "1992.??.??"]
[Round "?"]
[White "Csulits, Anton"]
[Black "Buecker, Stefan"]
[Result "0-1"]
[WhiteElo "2325"]
[BlackElo "2365"]
[PlyCount "62"]
[EventDate "1991.10.??"]
[Source "www.chesslib.no"]
[SourceDate "2004.05.04"]

1. d4 e5 2. dxe5 Nc6 3. Nf3 Qe7 4. g3 Nxe5 5. Nxe5 Qxe5 6. Bg2 Bb4+ 7. c3 Ba5 8. O-O Bb6 9. Nd2 Qe6 10. Nb3 Ne7 11. Qd3 d5 12. e4 Qg6 13. Be3 O-O 14. Rad1 dxe4 15. Bxe4 Qh5 16. Rfe1 Nc6 17. Qd5 Qg4 18. Bf3 Qg6 19. Nc5 Ne7 20. Qe5 Nf5 21. Be4 Qg4 22. Bd4 f6 23. Qd5+ Kh8 24. Nd7 Ne7 25. Nxf6 gxf6 26. Bxf6+ Rxf6 27. Qd8+ Ng8 28. Bd5 c6 29. Qxg8+ Qxg8 30. Bxg8 Kxg8 31. Re8+ Rf8 0-1

[Event "Bad Woerishofen Open"]
[Site "Bad Woerishofen GER"]
[Date "1995.??.??"]
[Round "7"]
[White "Movsziszian, Karen"]
[Black "Schaffarth, Peter"]
[Result "1-0"]
[WhiteElo "2470"]
[BlackElo "2215"]
[PlyCount "39"]
[EventDate "1995.03.??"]
[Source "www.chesslib.no"]
[SourceDate "2004.05.04"]

1. d4 e5 2. dxe5 Nc6 3. Nf3 Qe7 4. Nc3 Nxe5 5. e4 c6 6. Be2 d6 7. Nd4 g5 8. O-O h5 9. f4 gxf4 10. Bxf4 Nh6 11. Qd2 Bg4 12. Bg5 Qd7 13. Nd5 Ng8 14. Qa5 cxd5 15. Bb5 Nc6 16. Qa4 Rc8 17. exd5 Bg7 18. dxc6 bxc6 19. Nxc6 Kf8 20. Ne5 1-0

[Event "BL2-Sued 0203"]
[Site "?"]
[Date "2003.01.26"]
[Round "5.3"]
[White "Mandel Andreas"]
[Black "Vogel Robert"]
[Result "0-1"]
[WhiteElo "2367"]
[BlackElo "2310"]
[PlyCount "92"]
[EventDate "2003.??.??"]
[Source "www.chesslib.no"]
[SourceDate "2004.05.04"]

1. d4 e5 2. dxe5 Nc6 3. Nf3 Qe7 4. Nc3 Nxe5 5. Nd5 Nxf3+ 6. gxf3 Qd8 7. Qd4 Ne7 8. Rg1 Nxd5 9. Qxd5 c6 10. Qd4 d6 11. Rxg7 Bxg7 12. Qxg7 Qa5+ 13. c3 Qe5 14. Qh6 Be6 15. Bg5 Rg8 16. f4 Qf5 17. f3 Qg6 18. Qh4 Qc2 19. Rd1 Qxb2 20. Rd3 Qc1+ 21. Kf2 Kd7 22. Re3 Qb1 23. Re4 Rae8 24. Rb4 Qc2 25. Rxb7+ Kc8 26. Rxa7 Qxc3 27. Ra8+ Kb7 28. Rxe8 Rxe8 29. Qxh7 Bxa2 30. h4 Kc7 31. Qf5 Qc5+ 32. Qxc5 dxc5 33. h5 Rh8 34. h6 Kd6 35. e4 c4 36. Ke3 Kc5 37. Kd2 Kb4 38. Kc1 Kb3 39. Be2 c3 40. Bd1+ Kc4 41. Be2+ Kb4 42. e5 Bc4 43. Bxc4 Kxc4 44. f5 Kd3 45. e6 fxe6 46. fxe6 Rg8 0-1

[Event "Spring Open"]
[Site "Budapest HUN"]
[Date "1990.??.??"]
[Round "2"]
[White "Dovzik, Juri"]
[Black "Udvari, Tibor"]
[Result "1-0"]
[WhiteElo "2410"]
[BlackElo "2265"]
[PlyCount "91"]
[EventDate "1990.??.??"]
[Source "www.chesslib.no"]
[SourceDate "2004.05.04"]

1. d4 e5 2. dxe5 Nc6 3. Nf3 Qe7 4. Nbd2 Nxe5 5. Nxe5 Qxe5 6. Nf3 Qa5+ 7. c3 Nf6 8. g3 c6 9. Bg2 d5 10. O-O Be7 11. b4 Qb6 12. Be3 Qc7 13. Bf4 Qb6 14. a4 a5 15. Be3 Qc7 16. b5 c5 17. Bf4 Bd6 18. Bg5 Be6 19. Bxf6 gxf6 20. Nh4 Be5 21. Qc2 f5 22. f4 Bf6 23. Nxf5 Rd8 24. Rad1 h5 25. e4 Bxf5 26. exf5 d4 27. cxd4 Bxd4+ 28. Kh1 Kf8 29. b6 Qd7 30. Qe4 Rb8 31. Qe5 Qe8 32. Qd6+ Kg7 33. f6+ Bxf6 34. Qxc5 Qxa4 35. Qf5 Qb4 36. Rb1 Qd6 37. Qxa5 h4 38. Rbd1 Qe6 39. Bd5 Qe2 40. Bf3 Qb2 41. g4 Rhd8 42. Rb1 Qd4 43. g5 Be7 44. Qf5 Rd6 45. Rbd1 Qc4 46. Qe5+ 1-0

[Event "Zalakaros op 15th"]
[Site "?"]
[Date "1996.??.??"]
[Round "6"]
[White "Bairachny Ruslan"]
[Black "Biro Sandor"]
[Result "1/2-1/2"]
[WhiteElo "2315"]
[BlackElo "2340"]
[PlyCount "131"]
[EventDate "1996.??.??"]
[Source "www.chesslib.no"]
[SourceDate "2004.05.04"]

1. d4 e5 2. dxe5 Nc6 3. Nf3 Qe7 4. Bf4 Qb4+ 5. Bd2 Qxb2 6. Nc3 Bb4 7. Rb1 Qa3 8. Nb5 Bxd2+ 9. Qxd2 Qxa2 10. Rd1 Kd8 11. e4 Qa5 12. c3 Nge7 13. e6 fxe6 14. Ng5 Ke8 15. Qf4 d6 16. Nf7 e5 17. Nfxd6+ cxd6 18. Nxd6+ Kd7 19. Nb5+ Ke8 20. Qf3 Nd4 21. Nd6+ Kd8 22. Nc4 Qc5 23. Qg3 Nec6 24. Qxg7 Re8 25. Be2 Bd7 26. Qg5+ Qe7 27. Qxe7+ Kxe7 28. cxd4 exd4 29. e5 Rg8 30. O-O Bh3 31. Bf3 Rxg2+ 32. Kh1 Rag8 33. Bd5 R2g7 34. f4 Bxf1 35. Rxf1 Rd8 36. Bxc6 bxc6 37. f5 Rf7 38. e6 Rff8 39. Ne5 Kd6 40. Nxc6 Kxc6 41. e7 Rde8 42. exf8=Q Rxf8 43. Kg2 Kd5 44. Kg3 d3 45. Ra1 Rxf5 46. Rxa7 Kd4 47. Kg4 Rd5 48. Kf3 Rf5+ 49. Kg4 Rf1 50. Rd7+ Kc3 51. Rc7+ Kb3 52. Rb7+ Kc2 53. Rc7+ Kd1 54. Rxh7 d2 55. h4 Kc2 56. Rd7 d1=Q+ 57. Rxd1 Rxd1 58. h5 Kd3 59. Kf5 Rh1 60. Kg6 Ke4 61. h6 Ke5 62. h7 Ke6 63. Kg7 Rg1+ 64. Kf8 Rf1+ 65. Kg7 Rg1+ 66. Kf8 1/2-1/2

[Event "RUS-ch49 (Women)"]
[Site "Moscow"]
[Date "1999.05.16"]
[Round "2"]
[White "Matveeva, Svetlana"]
[Black "Gansvind, Valeriya I"]
[Result "1-0"]
[WhiteElo "2405"]
[BlackElo "2240"]
[PlyCount "119"]
[EventDate "1999.05.??"]
[Source "ChessBase"]
[SourceDate "1999.07.10"]

1. d4 e5 2. dxe5 Nc6 3. Nf3 Nge7 4. b3 Ng6 5. Bb2 Bb4+ 6. Nbd2 Qe7 7. a3 Bxd2+ 8. Qxd2 b6 9. h4 h5 10. g3 Bb7 11. Bg2 O-O-O 12. O-O-O Ncxe5 13. Rhe1 Ng4 14. e4 f6 15. Nd4 Qf7 16. Nb5 a6 17. Nc3 Ne7 18. f3 Ne5 19. f4 Ng4 20. Bf3 Kb8 21. Qe2 Qg6 22. Kb1 Rhe8 23. f5 Nxf5 24. Bxg4 Nxg3 25. Qh2 Nxe4 26. Rxd7 Rxd7 27. Bxd7 Rd8 28. Nxe4 Rxd7 29. Ng3 Qg4 30. Bc3 Ka7 31. Kb2 a5 32. a4 Bc6 33. Rg1 Qf3 34. Ne2 Qe3 35. Rg3 Qe4 36. Rg1 Qe3 37. Nf4 Qf3 38. Ne6 g5 39. hxg5 fxg5 40. Nxg5 Qd5 41. Qxh5 Qc5 42. Qh2 Re7 43. Rg3 Kb7 44. Qd2 Qf5 45. Bd4 Qg6 46. Qd3 Qd6 47. Bc3 Qf4 48. Nh3 Qf8 49. Re3 Rd7 50. Qe2 Rf7 51. Ng5 Rf2 52. Qd3 Qh6 53. Ne6 Bg2 54. Nd8+ Kc8 55. Re8 Qh5 56. Rh8 Qg4 57. Qa6+ Kd7 58. Qb5+ Kc8 59. Nc6+ Kb7 60. Rb8# 1-0

[Event "Bohemians"]
[Site "Prague CZE"]
[Date "1991.??.??"]
[Round "13"]
[White "Trichkov, Vasil"]
[Black "Buecker, Stefan"]
[Result "0-1"]
[WhiteElo "2290"]
[BlackElo "2345"]
[PlyCount "84"]
[EventDate "1991.??.??"]
[Source "www.chesslib.no"]
[SourceDate "2004.05.04"]

1. d4 e5 2. dxe5 Nc6 3. Nf3 Qe7 4. g3 Nxe5 5. Nxe5 Qxe5 6. Bg2 Bb4+ 7. c3 Ba5 8. Nd2 Qe6 9. O-O Ne7 10. b4 Bb6 11. c4 d6 12. Bb2 O-O 13. Qc2 c6 14. e4 Qh6 15. Rad1 Bg4 16. Nf3 Rad8 17. Qc3 f6 18. a4 Qh5 19. a5 Bc7 20. Rd2 a6 21. Ne1 Qf7 22. Nc2 Be6 23. Ne3 Bb8 24. Rfd1 Kh8 25. Kh1 Qg8 26. f4 Rd7 27. Ba3 Rfd8 28. f5 Bf7 29. Bb2 Qe8 30. g4 Ng8 31. g5 Bh5 32. Rf1 Rf7 33. h4 Qe7 34. b5 Rdf8 35. Rdf2 Qd8 36. bxc6 bxc6 37. e5 dxe5 38. Bxc6 fxg5 39. hxg5 Qxg5 40. Rg1 Qh6 41. Rh2 Qxc6+ 42. Nd5 Rxf5 0-1

[Event "ROM-ch sf"]
[Site "?"]
[Date "2000.??.??"]
[Round "3"]
[White "Sofronie Iulian"]
[Black "Pessi Emil"]
[Result "1-0"]
[WhiteElo "2378"]
[BlackElo "2254"]
[PlyCount "71"]
[EventDate "2000.??.??"]
[Source "www.chesslib.no"]
[SourceDate "2004.05.04"]

1. d4 e5 2. dxe5 Nc6 3. Nf3 Qe7 4. Nc3 Nxe5 5. Nxe5 Qxe5 6. Qd5 Qxd5 7. Nxd5 Bd6 8. e4 Ne7 9. Nxe7 Kxe7 10. Bd2 b6 11. O-O-O Bb7 12. Bd3 Rae8 13. Rhe1 Kd8 14. Re2 f6 15. f4 Re7 16. Rde1 Rhe8 17. h4 a6 18. c4 c6 19. g3 b5 20. Bc3 bxc4 21. Bxc4 Bc7 22. Bd3 d6 23. Kd2 Bc8 24. f5 d5 25. exd5 Rxe2+ 26. Rxe2 Rxe2+ 27. Kxe2 Bxg3 28. dxc6 Bxh4 29. Ba5+ Ke7 30. Bb4+ Kd8 31. Bd6 Bg5 32. b4 Bc1 33. b5 axb5 34. Bxb5 Ke8 35. c7+ Kf7 36. Bc4+ 1-0

[Event "Winter Open"]
[Site "Belgrade SRB"]
[Date "2008.01.22"]
[Round "1"]
[White "Rajkovic, Du"]
[Black "Milin, D."]
[Result "1-0"]
[WhiteElo "2494"]
[BlackElo "2129"]
[PlyCount "75"]
[EventDate "2008.01.22"]
[Source "www.chesslib.no"]
[SourceDate "2004.05.04"]

1. d4 e5 2. dxe5 Nc6 3. Nf3 Qe7 4. Nc3 Nxe5 5. e4 c6 6. Nxe5 Qxe5 7. Be3 Bb4 8. Qd4 Qxd4 9. Bxd4 Nf6 10. O-O-O O-O 11. e5 Ne8 12. Ne4 d5 13. exd6 Nxd6 14. a3 Bxa3 15. Nf6+ gxf6 16. bxa3 Re8 17. Bxf6 Ne4 18. Bh4 Be6 19. Rd4 Bf5 20. g4 c5 21. Rd5 Be6 22. Rh5 f6 23. f3 Bf7 24. Rf5 Be6 25. fxe4 Bxf5 26. exf5 Kg7 27. Bg2 Rad8 28. g5 Re2 29. gxf6+ Kf8 30. Bf3 Re3 31. Rf1 Rxa3 32. Kb2 Ra4 33. Bg5 Rb4+ 34. Kc3 b5 35. Bh5 Rc4+ 36. Kb2 Rb4+ 37. Kc1 Rd6 38. Bh6+ 1-0

[Event "Moscow RUS"]
[Site "?"]
[Date "2000.??.??"]
[Round "4"]
[White "Kachar Vladimir"]
[Black "Gansvind Valeriya I"]
[Result "1-0"]
[WhiteElo "2383"]
[BlackElo "2238"]
[PlyCount "35"]
[EventDate "2000.??.??"]
[Source "www.chesslib.no"]
[SourceDate "2004.05.04"]

1. d4 e5 2. dxe5 Nc6 3. Nf3 Nge7 4. Nc3 Ng6 5. Bg5 Be7 6. Bxe7 Qxe7 7. Nd5 Qd8 8. Qd2 b6 9. O-O-O Bb7 10. h4 Nce7 11. e4 c6 12. Ne3 b5 13. Nf5 Nxf5 14. exf5 Nf8 15. Ng5 Qe7 16. f6 gxf6 17. exf6 Qxf6 18. Ne4 1-0

[Event "Corr"]
[Site "?"]
[Date "1997.09.01"]
[Round "?"]
[White "Alvarez Villar Horacio Nelson"]
[Black "Felber Mag.Robert (OST)"]
[Result "0-1"]
[WhiteElo "2385"]
[BlackElo "2200"]
[PlyCount "46"]
[EventDate "1997.??.??"]
[Source "www.chesslib.no"]
[SourceDate "2004.05.04"]

1. d4 e5 2. dxe5 Nc6 3. Nf3 Qe7 4. Qd5 f6 5. exf6 Nxf6 6. Qb3 d5 7. Nc3 Bd7 8. Nb5 O-O-O 9. Bf4 a6 10. Bxc7 axb5 11. Bxd8 Qxd8 12. e3 b4 13. Be2 Qc7 14. O-O Bd6 15. h3 g5 16. Nxg5 Rg8 17. h4 h6 18. Nf3 Bh3 19. Ne1 Qg7 20. Bf3 Qe7 21. Be2 Qe4 22. f3 Qg6 23. g4 Nxg4 0-1

[Event "It (Open) Bar SCG"]
[Site "?"]
[Date "2006.03.18"]
[Round "1"]
[White "Nikolov Momchil"]
[Black "Ratkovic Milorad"]
[Result "1-0"]
[WhiteElo "2446"]
[BlackElo "2130"]
[PlyCount "63"]
[EventDate "2006.??.??"]
[Source "www.chesslib.no"]
[SourceDate "2004.05.04"]

1. d4 e5 2. dxe5 Nc6 3. Nf3 h6 4. Nc3 g5 5. e4 Bg7 6. Bc4 Nge7 7. Be3 Ng6 8. Qd2 Ncxe5 9. Nxe5 Nxe5 10. Bb3 d6 11. O-O-O Be6 12. Nd5 a5 13. Qc3 c5 14. Ba4+ Kf8 15. Bxc5 Nc6 16. Qa3 dxc5 17. Bxc6 Qd6 18. Bb5 b6 19. Qe3 a4 20. a3 f5 21. e5 Qb8 22. Nf6 Kf7 23. Nd7 Qc7 24. Rd6 Rhd8 25. Rhd1 Ra5 26. Qe2 c4 27. Qh5+ Kg8 28. Rxe6 Rxb5 29. Re7 Kh8 30. Qf7 Rg8 31. Nf6 Qb8 32. Qg6 1-0

[Event "Eger"]
[Site "Eger"]
[Date "1996.??.??"]
[Round "7"]
[White "Donka, Peter"]
[Black "Biro, Sandor"]
[Result "0-1"]
[WhiteElo "2225"]
[BlackElo "2340"]
[PlyCount "50"]
[EventDate "1996.??.??"]
[Source "www.chesslib.no"]
[SourceDate "2004.05.04"]

1. d4 e5 2. dxe5 Nc6 3. Nf3 Qe7 4. Qd5 f6 5. exf6 Nxf6 6. Qb3 d5 7. c3 Qf7 8. Bf4 Bc5 9. e3 O-O 10. Nbd2 Bd7 11. Bxc7 Rae8 12. Bf4 Ng4 13. h3 Nxf2 14. Kxf2 Na5 15. g3 Nxb3 16. axb3 Qe7 17. Kg2 Bxe3 18. Re1 Qc5 19. b4 Qb6 20. Bxe3 Rxe3 21. b5 Rd8 22. Ne5 Qd4 23. c4 Bc6 24. Re2 Ra8 25. Re1 Qxe5 0-1

[Event "Eger"]
[Site "Eger"]
[Date "1996.??.??"]
[Round "7"]
[White "Donka, Peter"]
[Black "Biro, Sandor"]
[Result "0-1"]
[WhiteElo "2225"]
[BlackElo "2340"]
[PlyCount "50"]
[EventDate "1996.??.??"]
[Source "www.chesslib.no"]
[SourceDate "2004.05.04"]

1. d4 e5 2. dxe5 Nc6 3. Nf3 Qe7 4. Qd5 f6 5. exf6 Nxf6 6. Qb3 d5 7. c3 Qf7 8. Bf4 Bc5 9. e3 O-O 10. Nbd2 Bd7 11. Bxc7 Rae8 12. Bf4 Ng4 13. h3 Nxf2 14. Kxf2 Na5 15. g3 Nxb3 16. axb3 Qe7 17. Kg2 Bxe3 18. Re1 Qc5 19. b4 Qb6 20. Bxe3 Rxe3 21. Be2 Rfe8 22. Nd4 Qxd4 23. cxd4 Rxe2+ 24. Rxe2 Rxe2+ 25. Kf3 Rxd2 0-1